<?xml version="1.0" encoding="UTF-8"?><?xml-stylesheet type="text/xsl" href="static/style.xsl"?><OAI-PMH xmlns="http://www.openarchives.org/OAI/2.0/" xmlns:xsi="http://www.w3.org/2001/XMLSchema-instance" xsi:schemaLocation="http://www.openarchives.org/OAI/2.0/ http://www.openarchives.org/OAI/2.0/OAI-PMH.xsd"><responseDate>2026-04-14T15:37:58Z</responseDate><request verb="GetRecord" identifier="oai:uvadoc.uva.es:10324/75366" metadataPrefix="marc">https://uvadoc.uva.es/oai/request</request><GetRecord><record><header><identifier>oai:uvadoc.uva.es:10324/75366</identifier><datestamp>2025-03-18T20:02:16Z</datestamp><setSpec>com_10324_38</setSpec><setSpec>col_10324_852</setSpec></header><metadata><record xmlns="http://www.loc.gov/MARC21/slim" xmlns:doc="http://www.lyncode.com/xoai" xmlns:xsi="http://www.w3.org/2001/XMLSchema-instance" xmlns:dcterms="http://purl.org/dc/terms/" xsi:schemaLocation="http://www.loc.gov/MARC21/slim http://www.loc.gov/standards/marcxml/schema/MARC21slim.xsd">
<leader>00925njm 22002777a 4500</leader>
<datafield tag="042" ind1=" " ind2=" ">
<subfield code="a">dc</subfield>
</datafield>
<datafield tag="720" ind1=" " ind2=" ">
<subfield code="a">Palacios Li tago, Rubén</subfield>
<subfield code="e">author</subfield>
</datafield>
<datafield tag="260" ind1=" " ind2=" ">
<subfield code="c">2024</subfield>
</datafield>
<datafield tag="520" ind1=" " ind2=" ">
<subfield code="a">Mediante este trabajo lo que pretendo es justificar de alguna manera la necesidad de instaurar el teatro infantil en las aulas de Educación Infantil, así como el tener presente esta modalidad dentro del currículo educativo. Se busca que desde edades tempranas los alumnos tengan las capacidades suficientes para saber expresarse en público al mismo tiempo que destapan sus sentimientos y practican el acto de la comunicación. Para ello se ha realizado una propuesta didáctica de 7 sesiones con una duración aproximadamente de 55 minutos cada una, que ha sido llevada a cabo en un colegio concertado de Tudela (Navarra).</subfield>
</datafield>
<datafield tag="024" ind2=" " ind1="8">
<subfield code="a">https://uvadoc.uva.es/handle/10324/75366</subfield>
</datafield>
<datafield tag="245" ind1="0" ind2="0">
<subfield code="a">Propuesta didáctica para fomentar el teatro en la etapa de Educación Infantil</subfield>
</datafield>
</record></metadata></record></GetRecord></OAI-PMH>